No temer a los fantasmas: relatos
Zapisane w:
| Korporacja: | |
|---|---|
| Format: | Książka |
| Język: | hiszpański |
| Wydane: |
Beijing
Lenguas Extranjeras
1979
|
| Hasła przedmiotowe: | |
| Etykiety: |
Dodaj etykietę
Nie ma etykietki, Dołącz pierwszą etykiete!
|
MARC
| LEADER | 00000nam a2200000 a 4500 | ||
|---|---|---|---|
| 001 | UCZ7969 | ||
| 003 | CL-VaPUC | ||
| 008 | 960112e19790000CH |||||||||||||||||spa|d | ||
| 082 | 0 | 4 | |a 895.1 |b INS |2 21 |
| 110 | 2 | |a Instituto de Literatura de la Academia de Ciencias Sociales de China |e author |9 353027 | |
| 245 | 1 | 0 | |a No temer a los fantasmas: relatos |
| 300 | |a 114 p | ||
| 942 | |c BK | ||
| 945 | |d 19960112 00:00:00 |a cmena | ||
| 260 | |a Beijing |b Lenguas Extranjeras |c 1979 | ||
| 650 | 7 | |a LITERATURA CHINA |2 CL-VaPUC |9 352595 | |
| 650 | 7 | |a CUENTOS CHINOS |2 CL-VaPUC |9 311186 | |
| 583 | |a last modification |c 19960112 00:00:00 |k Rodrigo Vera | ||
| 999 | |c 243942 |d 243940 | ||
| 952 | |0 0 |1 0 |4 0 |6 895_100000000000000_INS_1979 |7 0 |8 P |9 257826 |a BIBEDU |b BIBEDU |d 2019-11-19 |i 1615513 |o 895.1 INS 1979 |p 1615513 |r 2019-11-19 |w 2019-11-19 |y BK |k EDU | ||